Nancy - Choix multiples - Statistiques

Statistiques générales
  • Ce quiz a été pris 3 938 fois
    3 614 depuis la dernière actualisation
  • Le résultat moyen est 6 sur 10
Statistiques - réponses
Question Réponse % Correct
Quelle place du centre-ville fait la renommée de Nancy ? Place Stanislas
94%
Quel personnage est traditionnellement célébré début décembre lors des grandes festivités hivernales à Nancy depuis l'arrivée dans la ville de l'une de ses reliques au Xe siècle ? Saint Nicolas
86%
Quel palais est aujourd’hui le siège du Musée lorrain ? Palais des ducs de Lorraine
67%
Quel jardin au cœur de la ville accueille l'espace animalier où vivait Jojo le chimpanzé ? Parc de la Pépinière
67%
Quelle rivière traverse la ville et donne son nom au département ? Meurthe
55%
Quel célèbre prix fut créé par un Nancéen prénommé Edmond en 1892 ? Goncourt (littérature)
52%
Quel célèbre pâtisserie dispose d'une variante nancéenne célèbre ? Le macaron
49%
A quel style architectural l'Ecole de Nancy se rattache-t-elle ? Art nouveau
48%
Quel personnage historique fut tué aux portes de Nancy par l'armée du duc René II de Lorraine en 1477 ? Charles le Téméraire
48%
Comment la porte monumentale ayant servi de porte de prison durant cinq siècles s'appelle-t-elle ? Porte de la Craffe
39%
Aucun quiz correspondant
Distribution des résultats
% des personnes avec chaque résultat
Percentile par nombre de réponses
Votre historique - résultats
Vous n’avez pas pris ce quiz depuis la dernière actualisation